|
|
|
|
| LEADER |
01050cam a2200337 i 4500 |
| 001 |
000046419 |
| 003 |
5886 |
| 005 |
20051111111612.0 |
| 008 |
010220b1997 vm 000 eng |
| 020 |
|
|
|a 0070391726
|
| 040 |
|
|
|a IRC
|c IRC
|d IRC
|
| 041 |
0 |
|
|a eng
|
| 082 |
1 |
4 |
|a 660.2815
|b LU-M
|
| 100 |
1 |
|
|a Luyben, Michael L.,
|d 1965-
|
| 245 |
0 |
0 |
|a Essentials of process control /
|c Michael L. Luyben.
|
| 260 |
|
|
|a New York :
|b McGraw-Hill,
|c 1997.
|
| 300 |
|
|
|a xx, 584p. :
|b ill.
|
| 630 |
0 |
4 |
|a Chemistry.
|
| 650 |
0 |
4 |
|a Chemical process control.
|
| OWN |
|
|
|a DUT
|
| AVA |
|
|
|a UDN50
|b DUT
|c Book
|d 660.2815 LU-M
|e available
|t Error 5001 Not defined in file expand_doc_bib_avail.
|f 2
|g 0
|h N
|i 0
|j SH
|k 1
|
| 999 |
|
|
|a From the UDN01
|
| AVA |
|
|
|a UDN50
|b DUT
|c Book
|d 660.2815 LU-M
|e available
|t Error 5001 Not defined in file expand_doc_bib_avail.
|f 2
|g 0
|h N
|i 0
|j SH
|k 1
|
| TYP |
|
|
|a Monograph
|
| TYP |
|
|
|a Printed language
|
| 980 |
|
|
|a Mạng thư viện Đại học Đà Nẵng
|